000 00961cab a22002055a 4500
001 L149426
008 100304e20100922xxkd f s 000 0 eng d
035 _a(Sirsi) u149426
041 0 _aeng
100 1 _aSmith, Melanie
245 0 0 _aFocus
_bLondon and South West Boroughs
260 _c2010
490 0 _aEstates Gazette
_v(1001) 9 January 2010, 52-67(11)
520 _aExpert predictions for 2010 market; problems surrounding the development of Battersea Power Station include funding an extension of the Northern Tube Line; Covent Garden Market Authority seeks a partner for developing its 57 acre site; obstacles to Waterloo's regeneration following rejection of Elizabeth House plans, doubt about Shell's plans for their HQ, redevelopment plans for Waterloo station to be submitted in March.
590 _aKA
651 4 _aLondon
690 _aPROPERTY-COMMERCIAL PROPERTY-COMMERCIAL PROPERTY MARKET
700 1 _aCunningham, Daniel
942 _n0
999 _c82172
_d82172